[Event "NOR-chT Club"]
[Site "Kristiansund"]
[Date "2017.10.22"]
[Round "5.20"]
[White "Refsnes, Stale"]
[Black "Seglem, Ole Andre"]
[Result "1-0"]
[WhiteElo "1444"]
[BlackElo "1494"]
[PlyCount "107"]
[EventDate "2017.10.20"]
[EventType "team-tourn"]
[EventRounds "6"]
[EventCountry "NOR"]
[SourceTitle "CBM 181 Extra"]
[Source "ChessBase"]
[SourceDate "2017.12.12"]
[SourceVersion "1"]
[SourceVersionDate "2017.12.12"]
[SourceQuality "1"]
[WhiteTeam "Volda Orsta"]
[BlackTeam "Sevland"]
[WhiteTeamCountry "NOR"]
[BlackTeamCountry "NOR"]

1. e4 d5 2. e5 e6 3. d4 c5 4. c3 Ne7 5. Bg5 h6 6. Bd2 Nbc6 7. Nf3 Qb6 8. Qb3 Qxb3 9. axb3 cxd4 10. cxd4 Nf5 11. Bc3 Bb4 12. Nbd2 0-0 13. Bd3 Nfe7 14. 0-0 Bd7 15. Ra2 Nc8 16. Rfa1 a6 17. Ra4 Bxc3 18. bxc3 Nxe5 19. Nxe5 Bxa4 20. Rxa4 Ne7 21. c4 Rfd8 22. c5 Rac8 23. Kf1 Nc6 24. f4 f6 25. Nxc6 Rxc6 26. Rb4 Rd7 27. Nf3 Kf7 28. h4 h5 29. Ra4 Rd8 30. Ke2 Ke7 31. Ke3 Rb8 32. Nd2 Rg8 33. Bg6 Rh8 34. Rb4 Rc7 35. Nf3 Rh6 36. Bd3 Rh8 37. Rb6 a5 38. f5 e5 39. Re6+ Kd7 40. dxe5 Rxc5 41. exf6 gxf6 42. Rb6 Kc7 43. Rxf6 Rc3 44. Nd4 Re8+ 45. Kd2 Rc5 46. Ne6+ Kd6 47. Nxc5+ Kxc5 48. Rf7 Rg8 49. Bf1 Rg4 50. Rxb7 Rf4 51. Be2 Rxf5 52. Rb5+ Kd4 53. Bf3 a4 54. Rb4+ 1-0